| 000 | 00318nam a2200121Ia 4500 | ||
|---|---|---|---|
| 008 | 190216s9999||||xx |||||||||||||| ||und|| | ||
| 100 | _aRajeev Thivari | ||
| 245 | 0 | _aHindi-Barak Obama America Ke Pradhum Ashreth Rashtrapathi | |
| 260 |
_bDivyansh Publications _c2009 |
||
| 300 | _a200 | ||
| 650 | _aHindi | ||
| 942 | _cBK | ||
| 999 |
_c16829 _d16829 |
||